[Event "Oslo Chess Festival 2018"]
[Site "Oslo"]
[Date "2018.10.06"]
[Round "9"]
[White "Dziuba, Marcin"]
[Black "Kaasen, Tor Fredrik"]
[Result "1/2-1/2"]
[WhiteElo "2573"]
[BlackElo "2388"]
[Annotator "ChessBase"]
[PlyCount "117"]
[EventDate "2018.09.30"]
[EventCountry "NOR"]
[SourceTitle "playchess.com"]
[Source "ChessBase"]
[SourceQuality "1"]
[TimeControl "40/5400+30:1800+30"]

1. d4 {[%emt 0:00:00]} Nf6 {[%emt 0:01:06]} 2. c4 {[%emt 0:00:00]} e6 {[%emt 0:00:10]} 3. Nf3 {[%emt 0:00:00]} Bb4+ {[%emt 0:01:26]} 4. Nbd2 {[%emt 0:00:00]} O-O {[%emt 0:03:46]} 5. a3 {[%emt 0:00:10]} Be7 {[%emt 0:00:36]} 6. e4 {[%emt 0:02:30]} d6 {[%emt 0:01:00]} 7. Be2 {[%emt 0:02:48]} Nbd7 {[%emt 0:00:25]} 8. O-O {[%emt 0:00:58]} e5 {[%emt 0:01:59]} 9. b4 {[%emt 0:02:15]} c6 {[%emt 0:06:03]} 10. Bb2 {[%emt 0:01:15]} Qc7 {[%emt 0:00:19]} 11. Qc2 {[%emt 0:05:19]} Re8 {[%emt 0:01:14]} 12. c5 {[%emt 0:11:17]} exd4 {[%emt 0:08:40]} 13. Bxd4 {[%emt 0:01:31]} dxc5 {[%emt 0:03:43]} 14. bxc5 {[%emt 0:01:24]} b6 {[%emt 0:01:52]} 15. cxb6 {[%emt 0:10:24]} axb6 {[%emt 0:00:34]} 16. Bc4 {[%emt 0:00:03]} Bd6 {[%emt 0:09:19]} 17. Ng5 {[%emt 0:36:21]} Re7 {[%emt 0:06:33]} 18. Ndf3 {[%emt 0:04:58]} Bf4 {[%emt 0:16:32]} 19. Rae1 {[%emt 0:04:19]} Ra5 {[%emt 0:07:42]} 20. Nxf7 {[%emt 0:08:15]} Rxf7 {[%emt 0:01:27]} 21. Qb3 {[%emt 0:00:32]} Nc5 {[%emt 0:02:23]} 22. Bxc5 {[%emt 0:01:44]} Rxc5 {[%emt 0:01:05]} 23. Bxf7+ {[%emt 0:00:04]} Qxf7 {[%emt 0:00:07]} 24. Qxb6 {[%emt 0:00:03]} Qe7 {[%emt 0:01:37]} 25. e5 {[%emt 0:00:46]} Nd5 {[%emt 0:02:47]} 26. Qb8 {[%emt 0:00:21]} Qf8 {[%emt 0:01:27]} 27. Rb1 {[%emt 0:02:28]} Bg4 {[%emt 0:05:45]} 28. Qa7 {[%emt 0:01:31]} Rb5 {[%emt 0:02:08]} 29. Nd4 {[%emt 0:00:04]} Rxb1 {[%emt 0:02:21]} 30. Rxb1 {[%emt 0:00:01]} Bxe5 {[%emt 0:00:07]} 31. Nxc6 {[%emt 0:00:05]} Bc7 {[%emt 0:01:45]} 32. Qd4 {[%emt 0:00:37]} Be6 {[%emt 0:00:10]} 33. Nb4 {[%emt 0:02:47]} Qf5 {[%emt 0:03:35]} 34. Re1 {[%emt 0:01:21]} Bb6 {[%emt 0:01:20]} 35. Nxd5 {[%emt 0:00:05]} Bxd4 {[%emt 0:01:35]} 36. Ne7+ {[%emt 0:00:04]} Kf7 {[%emt 0:00:06]} 37. Nxf5 {[%emt 0:00:02]} Bxf5 {[%emt 0:00:03]} 38. a4 {[%emt 0:00:24]} Kf6 {[%emt 0:01:46]} 39. Rd1 {[%emt 0:01:42]} Ke5 {[%emt 0:00:37]} 40. a5 {[%emt 0:00:15]} Bc8 {[%emt 0:00:42]} 41. Rc1 {[%emt 0:31:16]} Ba6 {[%emt 0:32:12]} 42. h4 {[%emt 0:00:00]} Ke4 {[%emt 0:00:00]} 43. Rc7 {[%emt 0:00:00]} Kd5 {[%emt 0:00:00]} 44. g3 {[%emt 0:00:00]} Kd6 {[%emt 0:00:00]} 45. Rf7 {[%emt 0:00:00]} Ke6 {[%emt 0:00:00]} 46. Rf8 {[%emt 0:00:00]} Ke7 {[%emt 0:00:00]} 47. Ra8 {[%emt 0:00:00]} Bb7 {[%emt 0:00:00]} 48. Rb8 {[%emt 0:00:00]} Ba6 {[%emt 0:00:00]} 49. Kg2 {[%emt 0:00:00]} Kd7 {[%emt 0:00:00]} 50. f3 {[%emt 0:00:00]} Kc7 {[%emt 0:00:00]} 51. Rb1 {[%emt 0:00:00]} Kc6 {[%emt 0:00:00]} 52. g4 {[%emt 0:00:00]} Bb5 {[%emt 0:00:00]} 53. f4 {[%emt 0:00:00]} Kc5 {[%emt 0:00:00]} 54. Kg3 {[%emt 0:00:00]} Bc3 {[%emt 0:00:00]} 55. Rc1 {[%emt 0:00:00]} Kd4 {[%emt 0:00:00]} 56. Rd1+ {[%emt 0:00:00]} Kc5 {[%emt 0:00:00]} 57. Rc1 {[%emt 0:00:00]} Kd4 {[%emt 0:00:00]} 58. Rb1 {[%emt 0:00:59]} Kc5 {[%emt 0:00:00]} 59. Rc1 {[%emt 0:00:15]} 1/2-1/2

[Event "Oslo Chess Festival 2018"]
[Site "Oslo"]
[Date "2018.10.06"]
[Round "9"]
[White "Korneev, Oleg"]
[Black "Sriram, Jha"]
[Result "1-0"]
[WhiteElo "2560"]
[BlackElo "2394"]
[Annotator "TA"]
[PlyCount "179"]
[EventDate "2018.09.30"]
[EventCountry "NOR"]
[SourceTitle "playchess.com"]
[Source "ChessBase"]
[SourceQuality "1"]

{[%evp 19,179,48,57,47,67,41,66,30,27,24,29,22,21,20,25,10,27,20,22,16,43,37,31,30,27,0,54,32,39,-15,33,20,28,0,0,0,0,0,0,0,21,-2,-4,-1,30,44,39,25,9,33,27,14,42,0,0,0,0,0,0,0,0,0,22,22,30,20,26,29,32,33,25,8,21,23,30,25,49,46,80,71,77,57,66,58,63,62,63,50,60,62,63,63,75,77,87,87,87,43,43,43,43,43,56,48,87,27,27,27,71,70,70,18,16,0,8,0,0,0,0,0,0,0,14,16,218,183,180,175,175,21,22,26,82,37,942,95,401,408,550,369,570,522,608,575,847,870,782,313,240,119,1156,1150,29974,29974,29983,29984,29984,29985,29985,29986,29964,29966]} 1. e4 e5 2. Nf3 Nc6 3. Bc4 Nf6 4. d3 h6 5. O-O d6 6. c3 g6 7. d4 Qe7 8. Nbd2 Bg7 9. Re1 O-O 10. h3 Bd7 11. Nf1 {C55: Two Knights: 4 d3, 4 d4 exd4 5 e5 and Max Lange Attack} Na5 (11... Rfe8 12. Ng3 Qf8 13. Bd2 Rad8 14. a3 Bc8 15. Bb5 Bd7 16. Qb3 Na5 17. Qa4 Bxb5 18. Qxa5 c6 19. dxe5 {1-0 (92) Sethuraman,S (2646)-Karthikeyan,M (2585) Moscow 2018}) 12. Bd3 c5 13. Ne3 {White is slightly better.} cxd4 14. cxd4 $146 ({Predecessor:} 14. Nd5 Qd8 15. Nxf6+ Qxf6 16. b4 Nc6 17. b5 Nd8 18. cxd4 exd4 {0-1 (26) Peng,D (2330)-Barcenilla,R (2446) Saint Louis 2017}) 14... Nc6 15. d5 Nb4 16. Bb1 Na6 17. Nc4 Rac8 18. b3 Nc5 19. Bd2 Bb5 20. Nb2 Qd8 21. a4 Be8 22. Nc4 Qc7 (22... Nh5 $11) 23. a5 Bb5 24. Nb2 (24. Na3 $14 Bd3 25. Bxd3 Nxd3 26. Re3) 24... Nh5 25. b4 Na6 26. Bd3 Bxd3 27. Nxd3 Qd7 28. Be3 f5 29. Nd2 Qb5 30. Ra3 {Black should prevent exf5.} Nf6 31. f3 Rc7 (31... Nxb4 $2 32. Qb1 $18) 32. Bxa7 Rfc8 33. Qa4 Qxa4 34. Rxa4 Rc3 35. Nf2 {Strongly threatening b5.} Rc2 36. Rd1 Nc7 37. Nf1 Nb5 38. a6 $1 {[%cal Ra6b7]} bxa6 39. Rxa6 fxe4 40. fxe4 Rb2 41. Be3 Rxb4 42. Rb6 Nd7 43. Rb7 Rc7 44. Rxc7 Nxc7 45. Ra1 Nb5 46. Nd2 {aiming for Nd3.} Nc3 47. Ra3 Ne2+ 48. Kf1 Nf4 49. g3 Nh5 50. Kg2 Nhf6 51. Nd3 Rb8 52. Ra6 Bf8 53. Kf3 Rc8 54. Rc6 Rb8 55. g4 Ne8 56. h4 Kf7 57. Ra6 {Threatens to win with Ra7.} Rb7 58. g5 hxg5 59. hxg5 Nc7 60. Rc6 Nb5 61. Nc4 Be7 62. Na5 (62. Nb4 $16) 62... Rb8 $11 63. Ra6 Nd4+ 64. Bxd4 exd4 65. Ra7 ({Better is} 65. Ke2 $14) 65... Ke8 $1 66. Ke2 {Nc6 is the strong threat.} Bxg5 67. Nc6 Rc8 68. Ra4 Bf6 69. Ra7 g5 70. Kf3 Bd8 71. Kg4 Nf6+ $2 (71... Bb6 $11 72. Ra6 Kf8) 72. Kf5 $18 (72. Kxg5 Nxe4+ 73. Kf5 Nc5 $11) 72... Nd7 73. Ke6 $1 Bc7 74. Nxd4 $2 ({White should play} 74. Rb7 $1 $18) 74... Nf8+ $1 $11 75. Kf6 {And now Nb5 would win.} Bd8+ (75... Nd7+ $1 $11 76. Ke6 (76. Kxg5 Bb6 $14) 76... Nf8+ 77. Kf5 Bb6) 76. Kf5 Rc3 $2 {[%mdl 8192]} (76... Bb6 $14 77. Ra4 Rc3) 77. Nb4 $2 (77. Nb5 $18 {[%cal Rb5d6] and the rest is easy.} Ba5 78. Nxd6+ Kd8 79. Nf7+ Kc8 80. Rxa5) 77... Rc7 $2 {[%mdl 8192] [#]} (77... Nd7 $16) 78. Ra8 $1 $18 Rf7+ 79. Kg4 Rf4+ (79... Kd7 {was necessary.} 80. Ne6 Be7 81. Ra7+ (81. Nxg5 Rg7 $11) 81... Ke8 82. Nc7+ (82. Nxg5 Rg7 $11) 82... Kd7 83. Na8+ Ke8 84. Nc7+ Kd7 85. Ne6+ Ke8 86. Nc7+ (86. Nxg5 Rg7 $11)) 80. Kg3 Kd7 81. Ra7+ Kc8 82. Nb5 Rf6 83. Nc6 (83. Ra8+ $142 Kb7 84. Rxd8) 83... Bb6 {[#]} 84. Ra8+ (84. Nxd6+ $1 $18 {[%mdl 512] and White stays clearly on top.} Rxd6 85. Ra8+ Kc7 86. Rxf8) 84... Kd7 $2 {[%mdl 8192]} (84... Kb7 $16 85. Rb8+ Ka6) 85. Rb8 Bf2+ 86. Kg4 {[%csl Gc6][%cal Rb8d8] White mates.} Ne6 87. Rb7+ Ke8 88. Nxd6+ Kf8 89. Rb8+ Kg7 90. Ne8+ {Precision: White = 51%, Black = 38%.} 1-0

[Event "Oslo Chess Festival 2018"]
[Site "Oslo"]
[Date "2018.10.06"]
[Round "9"]
[White "Movsziszian, Karen"]
[Black "Holm, Kristian Stuvik"]
[Result "*"]
[WhiteElo "2523"]
[BlackElo "2474"]
[Annotator "TA"]
[PlyCount "40"]
[EventDate "2018.09.30"]
[EventCountry "NOR"]
[SourceTitle "playchess.com"]
[Source "ChessBase"]
[SourceQuality "1"]

{[%evp 9,40,3,16,-7,1,5,11,0,0,0,8,16,31,-35,-24,-27,-25,-29,0,-9,4,-22,-20,-25,-35,-28,0,-27,0,-30,0,-35,0]} 1. g3 d5 2. Nf3 g6 3. c4 c6 4. Qa4 dxc4 5. Qxc4 Bg7 6. Nc3 {A11: English Opening: 1...c6} Nh6 $146 {[%cal Bg8h6,Bh6f5,Bf5d6,Bd6b5][%mdl 32]} ({Predecessor:} 6... Nd7 7. Bg2 Nb6 8. Qb3 e5 9. d3 Qe7 10. Be3 Be6 11. Qc2 Nd5 12. Nxd5 Bxd5 {½-½ (24) Minasian,A (2567)-Burmakin,V (2493) Ubeda 2001}) 7. Bg2 Nf5 8. O-O {The position is equal.} O-O 9. d3 Nd6 10. Qa4 c5 11. e4 (11. Bf4 $14) 11... Bd7 $15 12. Qa3 Na6 13. e5 Nb5 14. Qb3 Nac7 15. Ne4 b6 16. Be3 Be6 17. Qa4 Bd7 18. Qb3 Be6 19. Qa4 Bd7 ({Reject} 19... Qxd3 $6 20. Rfd1 $14) 20. Qb3 Be6 {Precision: White = 55%, Black = 43%.} *

[Event "Oslo Chess Festival 2018"]
[Site "Oslo"]
[Date "2018.10.06"]
[Round "9"]
[White "Stella, Andrea"]
[Black "Vijayalakshmi, Subbaraman"]
[Result "1/2-1/2"]
[WhiteElo "2500"]
[BlackElo "2359"]
[Annotator "TA"]
[PlyCount "115"]
[EventDate "2018.09.30"]
[EventCountry "NOR"]
[SourceTitle "playchess.com"]
[Source "ChessBase"]
[SourceQuality "1"]

{[%evp 18,115,34,35,52,52,66,28,35,31,25,31,24,9,8,4,16,6,19,0,27,14,29,22,31,29,52,46,55,49,71,0,0,0,0,0,0,0,0,0,0,0,0,0,36,43,38,38,31,33,39,41,45,42,159,117,146,151,143,143,161,168,168,44,56,0,0,0,0,0,0,0,0,0,0,0,0,0,0,0,8,0,0,0,0,0,0,0,0,0,0,0,0,0,0,0,0,0,0,0]} 1. d4 Nf6 2. c4 e6 3. Nc3 Bb4 4. Qc2 O-O 5. Nf3 d5 (5... c5 6. e3 b6 7. Bd3 Bb7 8. Bd2 cxd4 9. Nxd4 Nc6 10. Nxc6 Bxc6 11. a3 Be7 12. e4 Qc7 13. f4 d6 14. O-O-O Rac8 {½-½ (63) Mamedyarov,S (2808)-Caruana,F (2816) Leuven 2018}) 6. a3 {E32: Nimzo-Indian: Classical (4 Qc2): 4...0-0} Be7 7. cxd5 exd5 8. Bg5 b6 9. e3 h6 10. Bh4 {LiveBook: 3 Games} Be6 11. Rd1 $146 ({Predecessor:} 11. Bd3 c5 12. O-O Qc8 13. Rfe1 Nc6 14. Ne5 Nd7 15. Bxe7 Nxe7 16. Nxd7 Qxd7 17. dxc5 bxc5 {0-1 (41) Magat,J (2131)-Szamos,A (2194) Slovakia 2000}) 11... c5 12. Bxf6 Bxf6 13. dxc5 bxc5 {[#]} 14. Bc4 $1 {[%cal Rc4d5][%mdl 512]} Bxc3+ $1 (14... dxc4 15. Rxd8) 15. Qxc3 Nc6 16. O-O Ne7 17. e4 d4 18. Qd3 Bg4 19. h3 Bxf3 20. Qxf3 Rb8 21. Qh5 Qd6 22. e5 $1 {[%cal Re5d6]} Qg6 23. Qe2 $1 Rfe8 {[#]} 24. f4 (24. b4 $1 $16 {[%mdl 512]}) 24... Nf5 $11 {[%cal Be7f5,Bf5e3,Be3c2][%mdl 32]} 25. Qc2 Qh5 26. Be2 Ne3 $1 {[%csl LRc2,LRd1,LRf1]} 27. Bxh5 Nxc2 28. Rd2 $1 {[%cal Rd2c2]} Ne3 ({Of course not} 28... Rxb2 29. Rc1 $14) 29. Rc1 Rec8 30. Bg4 $36 {[%mdl 2048] White is more active.} Rc7 {[#]} 31. b4 $1 {[%mdl 512] Rxd4! is the strong threat.} Nxg4 (31... cxb4 32. Rxc7) 32. hxg4 {Black must now prevent Rxd4!} Rbc8 33. bxc5 Rxc5 34. Rxc5 Rxc5 35. Rxd4 $14 {[%mdl 4096] Endgame KR-KR} Rc3 {[#]} (35... Kf8 $14) 36. Rd8+ $1 $16 Kh7 37. Rd7 Kg8 38. Rxa7 Rc4 39. g3 g5 40. f5 (40. a4 $18) 40... Rxg4 $14 41. e6 (41. Kf2 $14) 41... fxe6 $11 {The position is equal.} 42. fxe6 Re4 43. e7 Kf7 44. a4 {Threatens to win with a5.} h5 45. a5 Ra4 46. a6 {Strongly threatening Ra8.} Ra1+ $1 47. Kf2 {Hoping for Ra8.} Ra2+ $1 48. Ke3 {aiming for Ra8.} h4 49. gxh4 gxh4 50. Ra8 Kxe7 51. a7 h3 52. Rh8 h2 $1 53. Rxh2 Ra3+ 54. Kd4 Kd6 $1 55. Rh7 Kc6 56. Kc4 Kb6 57. Kb4 Rxa7 58. Rxa7 {Precision: White = 65%, Black = 63%.} 1/2-1/2

[Event "Oslo Chess Festival 2018"]
[Site "Oslo"]
[Date "2018.10.06"]
[Round "9"]
[White "Pavlovic, Milos"]
[Black "Basso, Pier Luigi"]
[Result "1-0"]
[WhiteElo "2481"]
[BlackElo "2530"]
[Annotator "RC"]
[PlyCount "81"]
[EventDate "2018.09.30"]
[EventCountry "NOR"]
[SourceTitle "playchess.com"]
[Source "ChessBase"]
[SourceQuality "1"]
[TimeControl "40/5400+30:1800+30"]

1. e4 {[%emt 0:00:00]} e5 {[%emt 0:05:24]} 2. Nf3 {[%emt 0:00:00]} Nc6 {[%emt 0:00:03]} 3. Bc4 {[%emt 0:00:44]} Bc5 {[%emt 0:00:03]} 4. d3 {[%emt 0:00:21]} Nf6 {[%emt 0:00:06]} 5. O-O {[%emt 0:00:09]} O-O {[%emt 0:00:05]} 6. Nbd2 {[%emt 0:00:12]} d6 {[%emt 0:00:30]} 7. c3 {[%emt 0:00:48]} a5 {[%emt 0:00:06]} 8. h3 {[%emt 0:05:35]} Be6 {[%emt 0:03:38]} 9. Bb5 {[%emt 0:19:06]} Qb8 {[%emt 0:00:43]} 10. b3 {[%emt 0:04:56]} Qa7 {[%emt 0:07:29]} 11. Bb2 {[%emt 0:07:48]} Kh8 {[%emt 0:16:45]} 12. Bxc6 {[%emt 0:11:23]} bxc6 {[%emt 0:00:12]} 13. d4 {[%emt 0:00:01]} exd4 {[%emt 0:01:54]} 14. cxd4 {[%emt 0:00:14]} Bb6 {[%emt 0:02:19]} 15. Qc2 {[%emt 0:05:56]} d5 {[%emt 0:07:02]} 16. e5 {[%emt 0:04:40]} Nh5 {[%emt 0:04:52]} 17. Ng5 {[%emt 0:09:50]} g6 {[%emt 0:00:14]} 18. Ndf3 {[%emt 0:00:08]} c5 {[%emt 0:10:31]} 19. dxc5 {[%emt 0:05:22]} Bxc5 {[%emt 0:00:11]} 20. Rac1 {[%emt 0:00:16]} Bb6 {[%emt 0:00:36]} 21. Ba3 {[%emt 0:00:22]} Rfe8 {[%emt 0:01:58]} 22. Bc5 {[%emt 0:00:21]} Nf4 {[%emt 0:06:52]} 23. Bxb6 {[%emt 0:03:15]} cxb6 {[%emt 0:03:23]} 24. Qd2 {[%emt 0:00:26]} Nh5 {[%emt 0:00:24]} 25. Nd4 {[%emt 0:00:14]} Rac8 {[%emt 0:05:54]} 26. Rxc8 {[%emt 0:08:58]} Bxc8 {[%emt 0:00:27]} 27. Rc1 {[%emt 0:02:50]} Ba6 {[%emt 0:05:01]} 28. g4 {[%emt 0:00:36]} Ng7 {[%emt 0:02:45]} 29. Qf4 {[%emt 0:00:11]} Kg8 {[%emt 0:00:39]} 30. e6 {[%emt 0:00:26]} f6 {[%emt 0:01:21]} 31. Rc7 {[%emt 0:01:40]} Qb8 {[%emt 0:00:56]} 32. Nc6 {[%emt 0:00:38]} Qxc7 {[%emt 0:00:14]} 33. Qxc7 {[%emt 0:00:03]} fxg5 {[%emt 0:00:04]} 34. Qf7+ {[%emt 0:00:42]} Kh8 {[%emt 0:00:02]} 35. e7 {[%emt 0:00:15]} Rg8 {[%emt 0:00:28]} 36. Nd8 {[%emt 0:04:46]} d4 {[%emt 0:04:04]} 37. Qf6 {[%emt 0:00:43]} h6 {[%emt 0:00:28]} 38. Qxg6 {[%emt 0:00:31]} Re8 {[%emt 0:00:00]} 39. Nf7+ {[%emt 0:00:37]} Kg8 {[%emt 0:00:02]} 40. Nxh6+ {[%emt 0:00:07]} Kh8 {[%emt 0:00:05]} 41. Nf5 {[%emt 0:31:03]} 1-0

[Event "Oslo Chess Festival 2018"]
[Site "Oslo"]
[Date "2018.10.06"]
[Round "9"]
[White "Vestby-Ellingsen, Mads"]
[Black "Cherniaev, Alexander"]
[Result "0-1"]
[WhiteElo "2410"]
[BlackElo "2384"]
[Annotator "TA"]
[PlyCount "76"]
[EventDate "2018.09.30"]
[EventCountry "NOR"]
[SourceTitle "playchess.com"]
[Source "ChessBase"]
[SourceQuality "1"]

{[%evp 11,76,28,18,11,25,11,26,33,24,24,39,14,25,24,28,18,13,22,37,14,2,2,4,8,18,0,0,0,32,-11,-8,-6,9,-13,-6,-20,-18,-28,-28,-28,-28,-201,-227,-339,-312,-391,-389,-551,-517,-585,-579,-523,-443,-614,-612,-833,-808,-714,-525,-1122,-1042,-2351,-2231,-1943,-1440,-29990,-5297]} 1. e4 c5 2. Nf3 Nc6 3. Bb5 e6 4. O-O Nge7 5. Re1 Nd4 6. Nxd4 cxd4 7. d3 {B30: Sicilian: 2...Nc6 3 Bb5, lines without ...g6} a6 8. Ba4 b5 9. Bb3 {White has an edge.} Nc6 (9... Bb7 10. Bg5 Qc7 11. Bh4 Ng6 12. Bg3 Bd6 13. c3 Qb6 14. Qh5 Rc8 {½-½ (22) Jones,G (2675)-Iturrizaga Bonelli,E (2624) Dubai 2018}) 10. a4 Bb7 11. f4 $146 ({Predecessor:} 11. Qg4 Rc8 12. axb5 axb5 13. Na3 Qb6 14. Bd2 Na5 {½-½ (38) Rudolf,M (2358)-Antoniewski,R (2538) Portoroz 2017}) 11... g6 12. Nd2 Bg7 13. Nf3 O-O 14. Bd2 Qb6 15. Qe2 b4 16. Qf2 Na5 17. Ne5 Rad8 18. Nc4 Nxc4 19. Bxc4 a5 20. Bb3 f5 21. e5 Rfe8 22. Rac1 d6 23. exd6 Qxd6 24. Bc4 Bd5 25. b3 Bxc4 26. dxc4 $2 {[#]} (26. bxc4 $11 Qc6 27. Ra1) 26... d3 $1 $19 27. cxd3 (27. Kh1 {keeps fighting.}) 27... Qxd3 28. Be3 Qxb3 29. c5 (29. Bb6 $142 Rd6 30. Kh1) 29... Qxa4 30. c6 {If White can now play c7 this consolidates a bit.} Bc3 31. c7 Rc8 32. Rxc3 bxc3 {[%cal Bb4c3,Bc3c2][%mdl 32]} 33. Bd4 Rxc7 {Strongly threatening ...Rd8.} 34. Qe3 e5 35. Bxe5 Qc4 36. Qc1 c2 37. h3 Rb7 38. Bb2 Reb8 {Precision: White = 26%, Black = 67%.} (38... Rxe1+ $142 39. Qxe1 Qc5+ 40. Kh2 Rxb2 41. h4 c1=Q 42. Qe8+ Kg7 43. Qd7+ Kh6 44. Qg7+ Kxg7 45. h5 gxh5 46. Kh3 Qh1+ 47. Kg3 Qf2#) 0-1

[Event "Oslo Chess Festival 2018"]
[Site "Oslo"]
[Date "2018.10.06"]
[Round "9"]
[White "Haug, Johannes"]
[Black "Pakleza, Zbigniew"]
[Result "0-1"]
[WhiteElo "2391"]
[BlackElo "2502"]
[Annotator "TA"]
[PlyCount "62"]
[EventDate "2018.09.30"]
[EventCountry "NOR"]
[SourceTitle "playchess.com"]
[Source "ChessBase"]
[SourceQuality "1"]

{[%evp 10,62,9,11,41,18,24,0,0,0,0,0,4,-22,-9,-40,-26,-43,-51,-42,-41,-72,-72,-78,-66,-92,-27,-134,-108,-213,-213,-559,-501,-581,-561,-664,-639,-833,-835,-1022,-998,-1316,-223,-212,-216,-755,-740,-1326,-1278,-29975,-12834,-29991,-29992,-29997,-29998]} 1. d4 f5 2. e4 fxe4 3. Nc3 Nf6 4. Bg5 e6 5. Bxf6 Qxf6 6. Nxe4 {LiveBook: 7 Games} Qe7 {A83: Dutch Defence: Staunton Gambit with 3 Nc3 Nf6 4 Bg5} (6... Qh6 7. Nf3 Nc6 8. c3 Be7 9. Bb5 O-O 10. O-O d6 11. Qd2 Qh5 12. Bd3 Bd7 13. Rfe1 Rae8 14. Neg5 Bxg5 15. Qxg5 Qxg5 16. Nxg5 h6 17. Nf3 Rf6 18. Bc4 Na5 19. Bd3 Ref8 20. Re2 Nc6 21. Rae1 g5 {½-½ (21) Mascaro March,P (2354)-Mellado Trivino,J (2434) Can Picafort 2008}) 7. Nf3 Nc6 8. Qd2 d5 $146 {The position is equal.} ({Predecessor:} 8... d6 9. Bb5 Bd7 10. O-O O-O-O 11. Rfe1 Qf7 12. Nfg5 Qh5 13. Bxc6 bxc6 14. Qa5 {½-½ (61) Boskovic,Z (2207)-Grujicic,Z (2044) Vrnjacka Banja 2007}) 9. Nc3 a6 10. O-O-O Qf6 11. Qe3 {Nxd5 is the strong threat.} Be7 12. Be2 Bd7 13. g3 O-O 14. h4 Bd6 15. Rh2 b5 {[%cal Bb7b5,Bb5b4][%mdl 32]} 16. Ng5 b4 17. Nb1 (17. Qd3 g6 $17) 17... e5 ({Black should try} 17... h6 $17 18. f4 hxg5 19. hxg5 Bxf4 $1 {[%mdl 512]} 20. Qxf4 Qxf4+ 21. gxf4 Rxf4) 18. dxe5 (18. Qb3 $1 $11 {was the only way to keep the balance.}) 18... Bxe5 $17 ({Don't play} 18... Qxe5 $6 19. Qxe5 Nxe5 20. Rxd5 $11) 19. Qb3 {[#]} (19. Rxd5 $17 {was necessary.} Bxb2+ 20. Kd1) 19... Kh8 $1 $19 20. c3 $2 (20. Rxd5 {is more resistant.} Nd4 21. Rxd4 Bxd4 22. Nd2) 20... bxc3 21. bxc3 Rab8 22. Qc2 {[%csl Gg5][%cal Rc2h7]} Bf5 23. Bd3 {[#] White wants to play Bxf5.} Bxc3 $1 {[%mdl 512]} 24. Nxc3 Nb4 $1 {[%csl LRc2,LRd3]} 25. Nxd5 Nxd5 $2 (25... Nxc2 $2 {perishes.} 26. Nxf6 Rxf6 27. Kxc2 $18 (27. Bxc2 Bxc2 28. Kxc2 Rc6+ 29. Kd3 Rd6+ 30. Kc2 Rc6+ 31. Kd3 Rd6+ 32. Kc2 Rc6+ $11)) (25... Nxd3+ 26. Rxd3 Qa1+ 27. Kd2 Rb2) 26. Bxf5 {Black must now prevent Be6.} Nb4 27. Qb3 $2 (27. Qc4 Qxf5 28. Rd2) 27... Qxf5 28. Ne6 Rfe8 29. Nd4 Qc5+ 30. Nc2 Nxc2 31. Qxc2 Qa3+ {Precision: White =  8%, Black = 68%.} 0-1

[Event "Oslo Chess Festival 2018"]
[Site "Oslo"]
[Date "2018.10.06"]
[Round "9"]
[White "Hobber, Anders"]
[Black "Siddharth, Jagadeesh"]
[Result "1/2-1/2"]
[WhiteElo "2314"]
[BlackElo "2124"]
[Annotator "NA"]
[PlyCount "71"]
[EventDate "2018.09.30"]
[EventCountry "NOR"]
[SourceTitle "playchess.com"]
[Source "ChessBase"]
[SourceQuality "1"]
[TimeControl "40/5400+30:1800+30"]

{[%evp 8,56,8,6,12,1,0,-8,0,-10,0,-8,20,-28,-14,-26,10,-8,2,0,0,10,0,5,5,-14,0,0,0,-39,-51,-66,-54,-42,-33,-35,-18,-85,-63,-58,-40,-91,-91,-89,-81,-85,-57,-91,-68,-87,-52]} 1. d4 {[%emt 0:00:00]} Nf6 {[%emt 0:00:00]} 2. Bf4 {[%emt 0:00:00]} e6 {[%emt 0:00:00]} 3. e3 {[%emt 0:00:14]} c5 {[%emt 0:00:37]} 4. Nd2 {[%emt 0:01:34]} d5 {[%emt 0:00:15]} 5. Ngf3 {[%emt 0:00:54]} Nc6 {[%emt 0:00:34]} 6. c3 {[%emt 0:00:21]} Bd6 {[%emt 0:00:30]} 7. Bg3 {[%emt 0:00:21]} O-O {[%emt 0:00:26]} 8. Bd3 {[%emt 0:00:30]} b6 {[%emt 0:01:49]} 9. Qe2 {[%emt 0:01:15] D02: Damenbauernspiele} (9. e4 Be7 10. e5 Nh5 11. Nf1 cxd4 12. Nxd4 Nxd4 13. cxd4 g6 14. Ne3 f5 15. exf6 Bxf6 16. Be2 Nxg3 17. hxg3 {½-½ (37) Nakamura,H (2787)-Svidler,P (2760) Moscow 2018}) 9... Qc7 {[%emt 0:06:51] LiveBook: 8 Games} 10. dxc5 {[%emt 0:27:27]} bxc5 {[%emt 0:00:03]} 11. e4 {[%emt 0:01:27]} Nd7 $146 {[%emt 0:07:23]} ({Vorgänger:} 11... dxe4 12. Nxe4 Nxe4 13. Bxe4 f5 14. Bxc6 Qxc6 15. Bxd6 Qxd6 16. Ne5 Ba6 {1-0 (41) Romero Holmes,A (2450)-Lorenzo Duran,M (2134) Pontevedra 2016}) 12. Bxd6 {[%emt 0:07:24]} Qxd6 {[%emt 0:00:03]} 13. O-O {[%emt 0:01:57]} Nce5 {[%emt 0:06:13]} 14. Rfe1 {[%emt 0:08:46]} Nxd3 {[%emt 0:05:58]} 15. Qxd3 {[%emt 0:00:07]} Ba6 {[%emt 0:00:09]} 16. Qe3 {[%emt 0:01:28]} Rfd8 {[%emt 0:12:21]} 17. Rad1 {[%emt 0:06:21]} Nb6 {[%emt 0:11:36]} 18. e5 {[%emt 0:02:44]} Qe7 {[%emt 0:00:08]} 19. Qf4 {[%emt 0:01:49]} Bd3 {[%emt 0:05:37]} 20. Re3 {[%emt 0:03:09]} Bc2 {[%emt 0:05:32]} 21. Rc1 {[%emt 0:00:38]} Bg6 {[%emt 0:02:19]} 22. Ree1 {[%emt 0:00:47]} Rac8 {[%emt 0:05:22]} 23. b3 {[%emt 0:04:39]} a5 {[%emt 0:02:39]} 24. Nf1 {[%emt 0:06:39] [#]} a4 $1 {[%emt 0:01:29]} 25. Ng3 {[%emt 0:03:20]} axb3 {[%emt 0:04:04]} 26. axb3 {[%emt 0:00:03]} Ra8 {[%emt 0:00:57]} 27. Ra1 {[%emt 0:03:45]} Rdb8 {[%emt 0:04:26]} 28. h4 {[%emt 0:00:53]} h6 $15 {[%emt 0:01:55]} 29. c4 {[%emt 0:02:50]} dxc4 {[%emt 0:02:17]} 30. bxc4 {[%emt 0:00:11]} Na4 {[%emt 0:00:56]} 31. h5 {[%emt 0:01:50]} Bh7 {[%emt 0:00:02]} 32. Ne4 {[%emt 0:04:41]} Nb2 {[%emt 0:02:51]} 33. Reb1 {[%emt 0:01:48]} Bxe4 {[%emt 0:01:09]} 34. Qxe4 {[%emt 0:00:43]} Rxa1 {[%emt 0:00:24]} 35. Rxa1 {[%emt 0:00:03]} Qb7 {[%emt 0:00:09]} 36. Qxb7 {[%emt 0:03:00]} 1/2-1/2